| 000 | 00892nam a2200241Ia 4500 | ||
|---|---|---|---|
| 008 | 130821s2001 xxu gr eng | ||
| 020 | _a019924362X | ||
| 020 | _a198299087 | ||
| 040 |
_aCo-BoUCM _bspa |
||
| 041 | 0 | 0 | _aeng |
| 245 | 0 | 0 |
_aHart's postscript essays on the postscript to The concept of law _ceditado por Jules Coleman |
| 260 |
_aNueva York (Estados Unidos) _bOxford University Press _c2001 |
||
| 300 | _avi, 452 páginas | ||
| 504 | _aIncluye referencias bibliográficas e índice | ||
| 650 | 0 | 4 |
_aDerecho natural _912800 |
| 650 | 0 | 4 |
_aDerecho y ética _912843 |
| 650 | 0 | 4 |
_aFilosofía del derecho _915792 |
| 650 | 0 | 4 |
_aTeoría del derecho _925308 |
| 700 | 1 |
_aColeman, Jules L. _eed. |
|
| 856 | 4 | 2 |
_zTabla de contenido _uhttp://www.loc.gov/catdir/enhancements/fy0612/2001021840-t.html |
| 942 |
_cLIBRO _a8 _e1 _mH335 _2DEWEY _h340.1 |
||
| 999 |
_c61528 _d61528 |
||